[Event "CZE-ch U18"]
[Site "Karlovy Vary"]
[Date "2004.02.24"]
[Round "8"]
[White "Londyn, Radek"]
[Black "Kuncar, Petr"]
[Result "1-0"]
[WhiteElo "2216"]
[BlackElo "2086"]
[PlyCount "81"]
[EventDate "2004.02.18"]
[EventType "tourn"]
[EventRounds "11"]
[EventCountry "CZE"]
[SourceTitle "EXT 2005"]
[Source "ChessBase"]
[SourceDate "2004.11.15"]
[SourceVersion "1"]
[SourceVersionDate "2004.11.15"]
[SourceQuality "1"]

1. e4 c5 2. Nf3 e6 3. d4 cxd4 4. Nxd4 Nf6 5. Nc3 Nc6 6. Ndb5 Bb4 7. a3 Bxc3+ 8. Nxc3 d5 9. exd5 exd5 10. Bd3 0-0 11. 0-0 d4 12. Ne4 Bf5 13. Bg5 Bxe4 14. Bxe4 h6 15. Bxf6 Qxf6 16. Re1 Rac8 17. Qf3 Qxf3 18. Bxf3 Rfe8 19. Rxe8+ Rxe8 20. Kf1 Kf8 21. Re1 Rc8 22. Be4 f6 23. f4 b6 24. Ke2 Re8 25. Kd2 Nb8 26. Bf3 Rxe1 27. Kxe1 Ke7 28. Kd2 Kd6 29. Kd3 Kc5 30. h4 a5 31. h5 Nd7 32. Bg4 Nb8 33. Ke4 Nc6 34. Kf5 Ne7+ 35. Ke6 Nd5 36. Bf3 Ne3 37. Kf7 Nxc2 38. g3 Ne3 39. Kxg7 Nf5+ 40. Kxf6 Nxg3 41. Ke5 1-0

[Event "Bohemia South-chT 0405"]
[Site "Czech Republic"]
[Date "2004.??.??"]
[Round "?"]
[White "Kuncar, Petr"]
[Black "Bohuslav, Jan"]
[Result "1-0"]
[WhiteElo "2050"]
[BlackElo "1980"]
[PlyCount "89"]
[EventDate "2004.10.??"]
[EventType "team"]
[EventRounds "11"]
[EventCountry "CZE"]
[SourceTitle "EXT 2007"]
[Source "ChessBase"]
[SourceDate "2006.11.23"]
[SourceVersion "1"]
[SourceVersionDate "2006.11.23"]
[SourceQuality "1"]

1. e4 e5 2. Bc4 Nf6 3. Nc3 Nc6 4. d3 Na5 5. Bg5 h6 6. Bh4 c6 7. Nf3 d6 8. Qe2 b5 9. Bb3 g5 10. Bg3 Bg4 11. 0-0-0 Nxb3+ 12. axb3 b4 13. Nb1 c5 14. h4 Nh5 15. hxg5 hxg5 16. Nbd2 a5 17. Nc4 a4 18. Kd2 axb3 19. cxb3 f6 20. Ne3 Be6 21. Kc2 Nxg3 22. fxg3 Rxh1 23. Rxh1 Ra2 24. Nd2 Qa8 25. Rh8 d5 26. Qh5+ Bf7 27. Qh6 Ke7 28. Nf5+ Ke6 29. Qxf8 Qxf8 30. Rxf8 Bh5 31. Rc8 c4 32. bxc4 dxe4 33. dxe4 Be2 34. Rc6+ Kf7 35. Rc7+ Kf8 36. Kb3 Ra1 37. Kxb4 Rg1 38. b3 Rxg2 39. Rd7 Bg4 40. Ne3 Rxg3 41. Nxg4 Rxg4 42. c5 f5 43. c6 fxe4 44. c7 e3+ 45. Kc3 1-0

[Event "Bohemia South-chT 0405"]
[Site "Czech Republic"]
[Date "2004.??.??"]
[Round "?"]
[White "Kuncar, Petr"]
[Black "Kudlacek, Jaroslav"]
[Result "1-0"]
[WhiteElo "2050"]
[BlackElo "1960"]
[PlyCount "81"]
[EventDate "2004.10.??"]
[EventType "team"]
[EventRounds "11"]
[EventCountry "CZE"]
[SourceTitle "EXT 2007"]
[Source "ChessBase"]
[SourceDate "2006.11.23"]
[SourceVersion "1"]
[SourceVersionDate "2006.11.23"]
[SourceQuality "1"]

1. e4 b6 2. d4 Bb7 3. Nc3 e6 4. Nf3 Nf6 5. Bd3 c5 6. e5 cxd4 7. Nxd4 Nd5 8. Ne4 Nc6 9. Nxc6 dxc6 10. c3 Qc7 11. f4 0-0-0 12. 0-0 f6 13. Qe2 Kb8 14. Kh1 h6 15. a4 Rg8 16. f5 fxe5 17. fxe6 Be7 18. a5 Bc8 19. axb6 axb6 20. Be3 Nxe3 21. Qxe3 Bxe6 22. b4 Kc8 23. Rfd1 Qb8 24. Ra6 Rxd3 25. Rxd3 Rd8 26. Rxb6 Qa8 27. Rxd8+ Bxd8 28. Nd6+ Kd7 29. Rb7+ Bc7 30. Ra7 Qf8 31. Ne4 Qf1+ 32. Qg1 Qc4 33. Nc5+ Kd6 34. Nxe6 Qxe6 35. Qc5+ Kd7 36. b5 Qd6 37. Qxd6+ Kxd6 38. Ra6 e4 39. Rxc6+ Kd7 40. Kg1 e3 41. Rxc7+ 1-0

[Event "Bohemia South-chT 0405"]
[Site "Czech Republic"]
[Date "2004.??.??"]
[Round "?"]
[White "Malis, Jiri"]
[Black "Kuncar, Petr"]
[Result "1-0"]
[WhiteElo "2210"]
[BlackElo "2050"]
[PlyCount "93"]
[EventDate "2004.10.??"]
[EventType "team"]
[EventRounds "11"]
[EventCountry "CZE"]
[SourceTitle "EXT 2007"]
[Source "ChessBase"]
[SourceDate "2006.11.23"]
[SourceVersion "1"]
[SourceVersionDate "2006.11.23"]
[SourceQuality "1"]

1. e4 c5 2. Nf3 e6 3. d3 d5 4. Nbd2 Nc6 5. g3 g6 6. Bg2 Bg7 7. 0-0 Nge7 8. Re1 0-0 9. e5 Qc7 10. Qe2 Nf5 11. c3 h5 12. h3 b5 13. g4 hxg4 14. hxg4 Nh6 15. Bh3 Rd8 16. d4 b4 17. Nb3 c4 18. Nc5 Kf8 19. Bg5 a5 20. Qe3 Ng8 21. Qf4 Re8 22. Re3 Re7 23. Rae1 Nd8 24. Nh4 Ke8 25. Qg3 Nb7 26. Bxe7 Qxe7 27. Nxb7 Qxb7 28. f4 Ne7 29. f5 Bh6 30. Rf3 bxc3 31. bxc3 Qb2 32. fxg6 fxg6 33. Ref1 Qd2 34. g5 Bxg5 35. Rf8+ Kd7 36. Bxe6+ Kc6 37. Bxc8 Rxc8 38. Rxc8+ Nxc8 39. Nf3 Be3+ 40. Kh1 Qxc3 41. Qxg6+ Kc7 42. Qf7+ Kc6 43. Qe6+ Kc7 44. Qxd5 Qd3 45. Nh2 Ne7 46. Qd6+ Kb7 47. Qxe7+ 1-0

[Event "Morava-ch U15"]
[Site "Czech Republic"]
[Date "2000.??.??"]
[Round "?"]
[White "Kuncar, Petr"]
[Black "Fojtik, Tomas"]
[Result "0-1"]
[WhiteElo "1640"]
[BlackElo "1810"]
[PlyCount "78"]
[EventDate "2000.??.??"]
[EventType "swiss"]
[EventRounds "9"]
[EventCountry "CZE"]
[SourceTitle "EXT 2006"]
[Source "ChessBase"]
[SourceDate "2005.11.24"]
[SourceVersion "1"]
[SourceVersionDate "2005.11.24"]
[SourceQuality "1"]

1. e4 e6 2. d4 d5 3. Nd2 dxe4 4. Nxe4 Nd7 5. Nf3 Ngf6 6. Ng3 Be7 7. Bd3 b6 8. 0-0 Bb7 9. c3 0-0 10. Bg5 Rc8 11. Re1 c5 12. Qe2 cxd4 13. Nxd4 Rc5 14. Bxf6 Nxf6 15. Nxe6 fxe6 16. Qxe6+ Rf7 17. Nf5 Bf8 18. Bc4 Bd5 19. Bxd5 Rxd5 20. c4 Rdd7 21. h3 g6 22. Ne3 Bg7 23. Qc6 Qc7 24. Qxc7 Rxc7 25. Rad1 Rcd7 26. Kf1 Rxd1 27. Rxd1 Rd7 28. Ke2 Rxd1 29. Nxd1 Kf7 30. Kd3 Ke6 31. b4 Nd7 32. Ne3 Ne5+ 33. Kc3 Ng4+ 34. Kd3 Nxe3 35. Kxe3 Bc3 36. a3 Bb2 37. a4 Ba3 38. b5 Bc5+ 39. Kf3 Ke5 0-1